Insider lending : banks, personal connections, and economic development in industrial new England (Record no. 267571)

MARC details
000 -LEADER
fixed length control field 00795nam a2200205Ia 4500
008 - FIXED-LENGTH DATA ELEMENTS--GENERAL INFORMATION
fixed length control field 191130s1996##################000#0#eng##
020 ## - INTERNATIONAL STANDARD BOOK NUMBER
ISBN 9780521566247
082 ## - DEWEY DECIMAL CLASSIFICATION NUMBER
Classification number 332.10942 LAM
100 ## - MAIN ENTRY--AUTHOR NAME
Personal name Lamoreaux, Naomi R
245 ## - TITLE STATEMENT
Title Insider lending : banks, personal connections, and economic development in industrial new England
Statement of responsibility, etc Naomi R. Lamoreaux
260 ## - PUBLICATION, DISTRIBUTION, ETC. (IMPRINT)
Place of publication Cambridge
Name of publisher Cambridge University Press
Year of publication 1996
300 ## - PHYSICAL DESCRIPTION
Number of Pages xii, 170p
650 ## - SUBJECT ADDED ENTRY--TOPICAL TERM
Topical Term Banks and banking -- New England -- History -- 19th century
Topical Term Commercial loans -- New England -- History -- 19th century
Topical Term Economic development projects -- New England -- Finance -- History -- 19th century
991 ## -
-- 163083
Holdings
Withdrawn status Lost status Damaged status Not for loan Home library Current library Shelving location Date acquired Full call number Accession Number Price effective from Koha item type
        Anna Centenary Library Anna Centenary Library 4TH FLOOR, A WING 13.10.2020 332.10942 LAM 244981 13.10.2020 English Books

Find us on the map